000 00665nam a22002297a 4500
003 UA-OsUOA
001 55361
007 ta
008 20080911b un ||||| |||| 00| 0 ukr d
090 _a94(477.83)(059.3)
_bК17
942 _cBK
040 _aUA-OsUOA
_bukr
_cUA-OsUOA
_dUA-OsUOA
245 _aКалендар знаменних і пам'ятних дат Волині на 2007 рік
300 _a164 с.
955 _a2
041 _aukr
080 _a94(477.83)(059.3)
020 _a966-8770-63-3
260 _aЛуцьк
_bТвердиня
_c2006
650 7 _a9 Географія. Біографії. Історія
_2UDC
999 _c341434
_d341434